000 00580nam a2200169 a 4500
001 000038826
005 20210703221528.0
008 130425s2003 dr a r 000 0 spa d
040 _aDO-SdBNP
_bspa
_cBNPHU
082 _axxxx
_bxxxx
245 0 0 _aPreguntas sobre el sistema dominicano de seguridad social /
_cEdición a cargo de Adriana del Conte.
250 _a2a ed.
260 _aSanto Domingo :
_bCNSS ,
_c2003.
300 _a105 p. :
_bil. ;
_c24 cm.
700 1 _aConte, Adriana del
_eed.
_920951
710 2 _aConsejo Nacional de Seguridad Social (República Dominicana)
_963839
999 _c38316
_d38316